000 00390nam a2200097Ia 4500
008 180130s9999 xx 000 0 und d
245 _cBerger, Susan P.; Hopkins, Joyce; Bae, Hyo; Hella, Bryce; Strickland, Jennifer
_aInfant assessment
260 _c2014
300 _aBook title: Blackwell handbook of infant development--Acession number C19029; pages 880-910
650 _aINFANTS--DEVELOPMENT
999 _c354051
_d354051